| 000 | 00665nam a2200193Ii 4500 | ||
|---|---|---|---|
| 003 | JO-AjNU | ||
| 008 | 230605s9999||||xx |||||||||||||| ||und|| | ||
| 040 |
_aJO-AjNU _bara _erda _cJO-AjNU |
||
| 041 | _aara | ||
| 050 | 1 | 4 | _aBJ1291.H3788.1984 |
| 100 | 3 |
_aالمحاسبي،ابي عبد الله الحارث بن اسد ، عطا،عبد القادر احمد/دراسة وتحقيق, _eauthor _98555 |
|
| 245 | 0 | 0 | _aآداب النفوس |
| 264 | 3 | 1 | _aبيروت:دار الجيل ،1984 |
| 300 | _a200ص | ||
| 336 |
_atext _btxt _2rdacontent |
||
| 337 |
_aunmediated _bn _2rdamedia |
||
| 338 |
_avolume _bnc _2rdacarrier |
||
| 650 | 4 |
_aاداب اسلامية _98556 |
|
| 999 |
_aA848 _c4416 _d4416 |
||